Normal view
MARC view
- الاقتصاد الدولي - الصين - احوال اقتصادية - مصر - احوال اقتصادية
Entry Topical Term
001 - CONTROL NUMBER
- control field: 52078
003 - CONTROL NUMBER IDENTIFIER
- control field: JO-AjAnu
005 - DATE AND TIME OF LATEST TRANSACTION
- control field: 20230606082549.0
008 - FIXED-LENGTH DATA ELEMENTS
- fixed length control field: 230606|| aca||aabn | a|a d
040 ## - CATALOGING SOURCE
- Original cataloging agency: JO-AjAnu
- Transcribing agency: JO-AjAnu
150 ## - HEADING--TOPICAL TERM
- Topical term or geographic name entry element: الاقتصاد الدولي - الصين - احوال اقتصادية - مصر - احوال اقتصادية
670 ## - SOURCE DATA FOUND
- Source citation: Work cat.: (JO-AjAnu)26615: الحماقي، يمن محمد حافظ, author 52077, مكانة الدول في الاقتصاد العالمي بعد الازمة المالية: رؤية تحليلية لبزوغ نجم الصين والحالة المصرية بعد الازمة في الاطار العالمي